Roofing slate.

Bibliographic Details
Format: Government Document eBook
Language:English
Published: [Washington?] : U.S. Government Printing Office, 1928.
Series:Simplified Practice Recommendation No. 14 (2nd ed.)
Subjects:
Online Access:Connect to the full text of this electronic document

MARC

Tag First Indicator Second Indicator Subfields
LEADER 00000cam a22000001a 4500
001 in00003683921
006 m o d f
007 cr bn mmmapmmp
008 040322s1928 dcu o f000 0 eng d
005 20260611142649.9
035 |a ebd1910200991 
040 |a UMI  |c UMI  |d UtOrBLW 
086 0 |a C 13.12/1:14/2nd ed 
099 |a C13.12-14 
245 0 0 |a Roofing slate. 
264 1 |a [Washington?] :  |b U.S. Government Printing Office,  |c 1928. 
300 |a 1 online resource (iv, 12 pages) 
336 |a text  |b txt  |2 rdacontent 
337 |a computer  |b c  |2 rdamedia 
338 |a online resource  |b cr  |2 rdacarrier 
490 0 |a Simplified Practice Recommendation No. 14 (2nd ed.) 
500 |a [On standardization recommendation of conference of manufacturers, distributors, and users; with conference summaries, lists of participants and adherents, and Standards Bureau acceptance form] 
500 |a Record is based on bibliographic data in ProQuest U.S. Executive Branch Documents, 1910-1932. Reuse except for individual research requires license from ProQuest, LLC. 
533 |a Electronic reproduction.  |b [Bethesda, Md.] :  |c ProQuest,  |d 2012.  |e digital, PDF file.  |n ProQuest U.S. Executive Branch Documents, 1910-1932.  |n Mode of access: World Wide Web via ProQuest website. 
538 |a System requirements: PDF reader software. 
500 |a Electronic resource. 
650 0 |a Slate roofing.  |0 http://id.loc.gov/authorities/subjects/sh85115327 
655 7 |a Electronic books.  |2 local 
776 1 8 |i Microfiche version:  |t Roofing slate  |o CIS US Exec MF C13.12-14  |w (ProQuest)cis19121777 
856 4 0 |u http://proxy.library.tamu.edu/login?url=https://congressional.proquest.com/congressional/docview/t66.d71.c13.12-14  |z Connect to the full text of this electronic document  |t 0 
999 f f |s ff622c0b-1041-334f-a9aa-fbdcc7a64a92  |i 155ec798-384d-3896-b809-6792274ee34e  |t 0 
952 f f |a Texas A&M University  |b College Station  |c Electronic Resources  |s www_evans  |d Available Online  |t 0  |h No information provided 
998 f f |t 0  |l Available Online